Polski----English #5 - Statystyki

Ogólne statystyki
  • Ten quiz został rozwiązany 101 razy
  • Średni wynik to 4 z 15
Statystyki odpowiedzi
Hint Odpowiedź % Poprawnych
drabina ladder
77%
ciekawy curious
47%
wady disadvantages
47%
świt dawn
40%
stały, ciągły constant
33%
uwieść seduce
19%
niezawodny reliable
18%
uścisk embrace
11%
zapowiedż preview
11%
spójny consistent
10%
zatwierdź submit
10%
chęci willingness
10%
podziwiać marvel
8%
osłupić, zdumieć astound
7%
obstawać, upierać się insist
7%
Nie znaleziono quizów pasujących do podanych kryteriów
Rozkład punktacji
Procent ludzi z każdym wynikiem
Percentyl według liczby udzielonych odpowiedzi
Twoja historia wyników
Nie rozwiązałeś tego quizu